| 000 | 00768cam a22002654a 4500 | ||
|---|---|---|---|
| 008 | |||
| 020 | _a0443055378 (pbk.) | ||
| 049 | _aMAIN | ||
| 050 | 0 | 0 |
_aRE46 _bBAT |
| 100 | 1 | _aBatterbury, Mark. | |
| 245 | 1 | 0 |
_aOphthalmology : _ban illustrated colour text / _cMark Batterbury, Brad Bowling. |
| 260 |
_aEdinburgh : _bChurchill Livingstone, _c1999. |
||
| 300 |
_avii, 111 p. : _bcol. ill. ; _c30 cm. |
||
| 500 | _aIncludes index. | ||
| 650 | 0 | _aOphthalmology. | |
| 650 | 0 |
_aEye _xDiseases. |
|
| 650 | 1 | 2 |
_aOphthalmology _vAtlases. |
| 650 | 2 | 2 |
_aEye Diseases _vAtlases. |
| 700 | 1 | _aBowling, Brad. | |
| 907 |
_a.b10255837 _b03-06-13 _c14-05-08 |
||
| 003 | |||
| 005 | 20230120204002.0 | ||
| 040 | _cNUST | ||
| 942 | _cBOOKS | ||
| 999 |
_c115064 _d115064 |
||